| 000 | 00457nam a2200193Ia 4500 | ||
|---|---|---|---|
| 005 | 20240823021902.0 | ||
| 008 | 240823s9999||||xx |||||||||||||| ||und|| | ||
| 020 | _a0-415-28753-7 | ||
| 041 | _aENGLISH | ||
| 082 | _A721.41 P7 | ||
| 100 | _a"Foucault,Michel" | ||
| 245 | 4 | _aThe Archaeology of Knowlwdge | |
| 250 | _a1st | ||
| 260 |
_c2007 _b"Viva,New " _aNew Delhi |
||
| 500 | _aYES | ||
| 650 |
_aKnowledge _bGeneral |
||
| 942 | _cBK | ||
| 999 |
_c177939 _d177939 |
||